000 00244nam a2200097Ia 4500
001 758869
005 20250826164905.0
008 250824s9999 xx 000 0 und d
245 0 _aTAPINAKTAKİ SIR
_cALMILA AYDIN
260 _bALTIN KİTAP YAYINLARI
999 _c758869
_d758869